Normal view
MARC view
Entry Personal Name
001 - CONTROL NUMBER
- control field: 71007
003 - CONTROL NUMBER IDENTIFIER
- control field: dpl
005 - DATE AND TIME OF LATEST TRANSACTION
- control field: 20240904152634.0
008 - FIXED-LENGTH DATA ELEMENTS
- fixed length control field: 240904|| aca||aabn | a|a d
040 ## - CATALOGING SOURCE
- Original cataloging agency: dpl
- Transcribing agency: dpl
100 ## - HEADING--PERSONAL NAME
- Personal name: Davidson, John
670 ## - SOURCE DATA FOUND
- Source citation: Work cat.: (dpl)172709: A treasury of mystic terms: , 2016
